NLSUI OPAC header image

Finance of foreign trade and foreign exchange (Record no. 15636)

MARC details
000 -LEADER
fixed length control field 00476nam a2200157Ia 4500
008 - FIXED-LENGTH DATA ELEMENTS--GENERAL INFORMATION
fixed length control field 160316s1997 xxu||||| |||| 00| 0 eng d
082 ## - DEWEY DECIMAL CLASSIFICATION NUMBER
Classification number 382.000000
Item number CHA
100 ## - MAIN ENTRY--PERSONAL NAME
Personal name Chaudhuri B K
245 ## - TITLE STATEMENT
Title Finance of foreign trade and foreign exchange
250 ## - EDITION STATEMENT
Edition statement 3rd rev
260 ## - PUBLICATION, DISTRIBUTION, ETC.
Place of publication, distribution, etc. Mumbai
Name of publisher, distributor, etc. Himalaya Publishing House
Date of publication, distribution, etc. 1997
300 ## - PHYSICAL DESCRIPTION
Extent 521p
Other physical details
Dimensions
365 ## - TRADE PRICE
Price amount Rs.525
650 ## - SUBJECT ADDED ENTRY--TOPICAL TERM
Topical term or geographic name entry element 1. International Trade - Financial Aspects<br/>2. Foreign Trade - Foreign Exchange
700 ## - ADDED ENTRY--PERSONAL NAME
Personal name
--
Holdings
Withdrawn status Lost status Damaged status Not for loan Home library Current library Shelving location Date acquired Cost, normal purchase price Total Checkouts Full call number Barcode Date last seen Price effective from Koha item type
        . .   30.05.2017 525.00   382 CHA 15633 30.05.2017 30.05.2017 BOOKs